| 000 | 00864cas a22002415a 4500 | ||
|---|---|---|---|
| 001 | ##L99090 | ||
| 008 | 070713c1990 xxkqr p 0 a0eng | ||
| 022 | 1 | _a0959-1591 | |
| 035 | _a(Sirsi) u99090 | ||
| 041 | 0 | _aeng | |
| 110 | 2 | _aCentre for Accessible Environments | |
| 245 | 0 | 0 | _aAccess by Design |
| 260 | 3 |
_aLondon _bCentre for Accessible Environments _c1990- |
|
| 362 | 0 | _a(73) May-August 1997- | |
| 520 | _aKept for five years | ||
| 520 | _aWebsite includes the full text of selected recent articles and an index of past articles from (63) 1994. | ||
| 554 | _aFour per year | ||
| 651 | 4 |
_aUnited Kingdom _y |
|
| 690 | _aBUILT ENVIRONMENT-BUILDING MAINTENANCE AND REFURBISHMENT-BUILDING ADAPTATION | ||
| 856 | 4 | 1 |
_uhttps://www.cae.org.uk/cae_publications/abd.html _zView selected articles at www.cae.org.uk... |
| 942 | _n0 | ||
| 948 | _c22/07/1997 | ||
| 999 |
_c118648 _d118648 |
||